Detalles MARC
| 000 -CABECERA |
| campo de control de longitud fija |
01127cam a2200301 i 4500 |
| 001 - NÚMERO DE CONTROL |
| campo de control |
000015466 |
| 003 - IDENTIFICADOR DEL NÚMERO DE CONTROL |
| campo de control |
DO-SdBNP |
| 005 - FECHA Y HORA DE LA ÚLTIMA TRANSACCIÓN |
| campo de control |
20230508155640.0 |
| 007 - CAMPO FIJO DE DESCRIPCIÓN FÍSICA--INFORMACIÓN GENERAL |
| campo de control de longitud fija |
ta |
| 008 - DATOS DE LONGITUD FIJA--INFORMACIÓN GENERAL |
| campo de control de longitud fija |
831117s19uu xxx 000 0 spa d |
| 040 ## - FUENTE DE LA CATALOGACIÓN |
| Centro catalogador/agencia de origen |
DO-SdBNP |
| Lengua de catalogación |
spa |
| Centro/agencia transcriptor |
BNPHU |
| Normas de descripción |
rda |
| 082 #4 - NÚMERO DE LA CLASIFICACIÓN DECIMAL DEWEY |
| Número de clasificación |
133.901 |
| Número de documento/Ítem |
L697e |
| Número de edición |
22 |
| 245 03 - MENCIÓN DE TÍTULO |
| Título |
El libro de los espíritus / |
| Mención de responsabilidad, etc. |
Recopiladas y puestas en orden, Allan Kardec. |
| 260 ## - PUBLICACIÓN, DISTRIBUCIÓN, ETC. |
| Lugar de publicación, distribución, etc. |
[s.l] : |
| Nombre del editor, distribuidor, etc. |
[s.n] , |
| Fecha de publicación, distribución, etc. |
[19??]. |
| 300 ## - DESCRIPCIÓN FÍSICA |
| Extensión |
465 páginas ; |
| Dimensiones |
21 cm. |
| 336 ## - TIPO DE CONTENIDO |
| Fuente |
rdaconten |
| Término de tipo de contenido |
texto |
| Código de tipo de contenido |
txt |
| 337 ## - TIPO DE MEDIO |
| Fuente |
rdamedia |
| Nombre/término del tipo de medio |
sin mediación |
| Código del tipo de medio |
n |
| 338 ## - TIPO DE SOPORTE |
| Fuente |
rdacarrier |
| Nombre/término del tipo de soporte |
volumen |
| Código del tipo de soporte |
nc |
| 490 ## - MENCIÓN DE SERIE |
| Mención de serie |
Filosofía espiritualista |
| 500 ## - NOTA GENERAL |
| Nota general |
Contiene los principios de la doctrina espiritista sobre la inmortalidad del alma, la naturaleza de los espíritus y sus relaciones con el hombre, las leyes morales, la vida presente, la vida futura y el porvenir de la humanidad. |
| 500 ## - NOTA GENERAL |
| Nota general |
Traducida de la última edición francesa |
| 590 ## - NOTA LOCAL (RLIN) |
| Nota local |
Inventariado, 2018/ YL |
| 650 #4 - PUNTO DE ACCESO ADICIONAL DE MATERIA--TÉRMINO DE MATERIA |
| Término de materia o nombre geográfico como elemento de entrada |
Espiritismo |
| 9 (RLIN) |
1460 |
| 650 #4 - PUNTO DE ACCESO ADICIONAL DE MATERIA--TÉRMINO DE MATERIA |
| Término de materia o nombre geográfico como elemento de entrada |
Espíritus |
| 9 (RLIN) |
34938 |
| 700 1# - PUNTO DE ACCESO ADICIONAL--NOMBRE DE PERSONA |
| Nombre de persona |
Kardec, Allan, |
| Fechas asociadas al nombre |
1804-1869 |
| Término indicativo de función/relación |
compilador |
| 9 (RLIN) |
34939 |
| 910 ## - DATOS DE OPCIÓN DEL USUARIO (OCLC) |
| Datos de opción del usuario |
YL |
| 942 ## - ELEMENTOS DE PUNTO DE ACCESO ADICIONAL (KOHA) |
| Fuente del sistema de clasificación o colocación |
Dewey Decimal Classification |
| Tipo de ítem Koha |
Libro |